Радий и его лучи (Запись № 5785658)

Подробности
000 -МАРКЕР
контрольное поле 02063nam0a22003131 4500
001 - ИДЕНТИФИКАТОР ЗАПИСИ
контрольное поле v19\rc\1757770
005 - ИДЕНТИФИКАТОР ВЕРСИИ
контрольное поле 20260406094441.0
035 ## - ДРУГИЕ СИСТЕМНЫЕ НОМЕРА
Идентификатор записи (NLR Aleph) 005249165
100 ## - ДАННЫЕ ОБЩЕЙ ОБРАБОТКИ
Данные общей обработки 20061204d1903 |||y0rusy50 ca
101 1# - ЯЗЫК РЕСУРСА
Язык текста, звукозаписи и т.д. русский
Язык оригинала немецкий
102 ## - СТРАНА ПУБЛИКАЦИИ ИЛИ ПРОИЗВОДСТВА
Страна публикации Российская Федерация
105 ## - ПОЛЕ КОДИРОВАННЫХ ДАННЫХ: ТЕКСТОВЫЕ МАТЕРИАЛЫ, МОНОГРАФИЧЕСКИЕ
Кодированные данные о монографическом текстовом документе a z |||||
200 1# - ЗАГЛАВИЕ И СВЕДЕНИЯ ОБ ОТВЕТСТВЕННОСТИ
Основное заглавие Радий и его лучи
Сведения, относящиеся к заглавию Die radioactiven Stoffe nach dem gegenwärtigen Stande der wissenschaftlichen Erkenntnis
-- С прил. ст. Е.С. Лондона "О физиологическом значении радия"
Первые сведения об ответственности К. Гофман, проф. Мюнх. ун-та
Последующие сведения об ответственности Пер. с нем., с доб., изм. и введ. Ф.Н. Индиксона, под ред. проф. И.И. Боргмана
205 ## - СВЕДЕНИЯ ОБ ИЗДАНИИ
Сведения об издании 2-е рус. изд., изм. и значит. доп.
210 ## - ПУБЛИКАЦИЯ, РАСПРОСТРАНЕНИЕ И ДР.
Место издания, распространения и т.д. Санкт-Петербург
Имя издателя, распространителя и т. д. тип. М.М. Стасюлевича
Дата издания, распространения и т.д. 1903
215 ## - ФИЗИЧЕСКАЯ ХАРАКТЕРИСТИКА
Специфическое обозначение материала и объем IV, 84 с., 6 л. ил.
Другие сведения о физической характеристике ил.
Размеры 22
300 ## - ОБЩИЕ ПРИМЕЧАНИЯ
Текст примечания В конце предисл.: проф. д-р Карл Гофман
454 #0 - ОРИГИНАЛ (ПЕРЕВОДА)
Встроенное поле 2001#$aDie radioactiven Stoffe nach dem gegenwärtigen Stande der wissenschaftlichen Erkenntnis
Заглавие Die radioactiven Stoffe nach dem gegenwärtigen Stande der wissenschaftlichen Erkenntnis
464 #0 - АНАЛИТИЧЕСКИЙ УРОВЕНЬ
Встроенное поле 2001#$aО физиологическом значении радия
-- 700#1$3RU\NLR\AUTH\7771349$7ca$aЛондон$bЕ. С.$f1869-1939$gЕфим Семенович
Заглавие О физиологическом значении радия
Автор Лондон, Ефим Семенович (1869-1939)
700 #1 - ИМЯ ЛИЦА - ПЕРВИЧНАЯ ОТВЕТСТВЕННОСТЬ
Материалы, к которым относится поле rus
Графика поля Кириллица
Начальный элемент ввода Гофман
Часть имени, кроме начального элемента ввода К. А.
Даты 1870-1940
Расширение инициалов личного имени Карл Андреас
Идентификатор авторитетной/нормативной записи RU\NLR\AUTH\7771649
Системный номер авторитетной/нормативной записи 54577
702 #1 - ИМЯ ЛИЦА - ВТОРИЧНАЯ ОТВЕТСТВЕННОСТЬ
Код отношения Автор введения, предисловия, примечания и т.п.
Материалы, к которым относится поле rus
Графика поля Кириллица
Начальный элемент ввода Индриксон
Часть имени, кроме начального элемента ввода Ф. Н.
Даты 1872-
Расширение инициалов личного имени Федор Николаевич
Идентификатор авторитетной/нормативной записи RU\NLR\AUTH\7771342
Системный номер авторитетной/нормативной записи 54270
702 #1 - ИМЯ ЛИЦА - ВТОРИЧНАЯ ОТВЕТСТВЕННОСТЬ
Код отношения Редактор
Материалы, к которым относится поле rus
Графика поля Кириллица
Начальный элемент ввода Боргман
Часть имени, кроме начального элемента ввода И. И.
Даты 1849-1914
Расширение инициалов личного имени Иван Иванович
Идентификатор авторитетной/нормативной записи RU\NLR\AUTH\7768791
Системный номер авторитетной/нормативной записи 51719
801 #2 - ИСТОЧНИК ЗАПИСИ
Страна Российская Федерация
Организация NLR
Дата составления 20081204
Источник данных rusmarc
801 #0 - ИСТОЧНИК ЗАПИСИ
Страна Российская Федерация
Организация NLR
Дата составления 20061204
Правила каталогизации psbo
801 #1 - ИСТОЧНИК ЗАПИСИ
Страна Российская Федерация
Организация ProSoft-M
Дата составления 20061204
Источник данных rusmarc
852 ## - МЕСТОНАХОЖДЕНИЕ И ШИФР ХРАНЕНИЯ
Идентификатор организации NLR
Шифр хранения (Call Number) 38.61.3.38
942 ## - ДОПОЛНИТЕЛЬНЫЕ ЭЛЕМЕНТЫ ЗАПИСИ (АБИС)
Тип экземпляра АБИС Книга
980 ## - КОЛЛЕКЦИЯ
Название коллекции Национальная библиография
Экземпляры
Тип экземпляра Дата поступления Библиотека постоянного хранения Библиотека текущего хранения Место хранения Шифр хранения Штрих-код Статус экземпляра
Книга 26.10.2013 РНБ (Садовая) РНБ (Садовая) Русский книжный фонд -Главное здание, Ленинский читальный зал 38.61.3.38 5249165-10